Le monde magique de l'Egypte ancienne /

محفوظ في:

المؤلف الرئيسي: Jacq, Christian (مؤلف)

التنسيق: كتاب

اللغة: French

منشور في: Monaco : Editions du Rocher, c1983.

سلاسل: Gnose.

الموضوعات:

الوسوم: إضافة وسم

لا توجد وسوم, كن أول من يضع وسما على هذه التسجيلة!

رقم الطلب: BF1591 .J32 1983

LEADER 00663namaa2200241 4500
001 11814
003 OSt
005 20250227092743.0
008 130303s1983 mc a b 000 0 fre d
010 |a 83122362 
040 |c ARCE Library 
043 |a f-ua--- 
050 4 |a BF1591 .J32 1983 
100 1 |a Jacq, Christian,  |e author  |9 33070 
245 1 3 |a Le monde magique de l'Egypte ancienne /  |c Christian Jacq. 
264 1 |a Monaco :  |b Editions du Rocher,  |c c1983. 
300 |a 222 pages :  |b illustrations ;  |c 20 cm. 
490 0 |a Gnose. 
504 |a Bibliography : pages 217-[219]. 
650 0 |a Magic, Egyptian. 
901 |a reviewed 
942 |c BK  |2 lcc 
999 |c 19852  |d 19852